| 000 | 01311cam a2200277 4500 | ||
|---|---|---|---|
| 001 | ABS64578 | ||
| 008 | 010921n2001 000 0 eng u | ||
| 035 | _a(Sirsi) u114789 | ||
| 100 | _aStevens-Hoare, M. | ||
| 245 | _aRule will work out | ||
| 260 | _c2001 | ||
| 490 |
_aEstates Gazette _v(0137) 15 September 2001, 150-151(2) |
||
| 520 | _aCivil Procedure Rules (CPR) Part 56 comes into effect on 15 October 2001. This will introduce property litigation-specific provisions into CPR. Considers some of the concerns over CPR 56, but contends that most arise from misunderstandings and will not be borne out in practice. Suggests that concerns arising from CPR 56(10) and (11) should be allayed by forthcoming amendments to the practice direction. Argues that in practice there will probably be little difference in the conduct of litigation. Warns that parties will find it harder to delay resolution by years. | ||
| 590 | _aABS | ||
| 650 | _aCIVIL PROCEDURE RULES PART 56 | ||
| 650 | _aCIVIL PROCEDURE RULES PART 8 | ||
| 650 | _aCIVIL PROCEDURE RULES | ||
| 650 | _aLANDLORD AND TENANT ACT 1954 | ||
| 650 | _aANALYSIS | ||
| 650 | _aPROCEDURE | ||
| 650 | _aPRACTICE DIRECTION | ||
| 650 | _aPROPERTY LITIGATION | ||
| 650 |
_aLANDLORD AND TENANT _96252 |
||
| 690 | _aLAW-UK | ||
| 942 | _n0 | ||
| 999 |
_c68337 _d68337 |
||